| 000 | 00479nam a2200181Ia 4500 | ||
|---|---|---|---|
| 008 | 090630s9999 xx 000 0 und d | ||
| 082 | _b14566 | ||
| 100 | _aओशो. | ||
| 245 |
_aशिव सुत्र. _cओशो. |
||
| 260 |
_bरेबल - पुणे. _c1996 |
||
| 300 | _a232 | ||
| 600 | _aओशो. | ||
| 630 | _aशिव सुत्र. | ||
| 655 | _aहिंदी. | ||
| 700 | _aओशो. | ||
| 730 | _aशिव सुत्र. | ||
| 942 | _cBOOK | ||
| 999 |
_c266422 _d266422 |
||